000 00742nam a22002417a 4500
008 130514b xxu||||| |||| 00| 0 eng d
020 _a0-521-77978-2
024 _cAvailable
037 _cAvailable
040 _aMBSTU LIBRARY
_dMBSTU LIBRARY
082 _222
_a415 CAM
110 _aCambridge University
245 _aCambridge international dictionary of IDIOMS.
260 _aCambridge
_bCambridge University Press.
_c2003
300 _a19 cm.
_b587 page
_f1
_g19 cm.
600 _aGrammar of standard languages.
650 _2Grammar of standard languages.
710 _aCambridge University
270 _aCambridge
_bCambridge
_dUK
365 _b1555.86
_d1555.86
942 _2ddc
_cBK
999 _c396
_d396